Airports in Cities of Europe - Statistics

General Stats
  • This quiz has been taken 18 times
  • The average score is 6 of 15
Answer Stats
City Airport Name % Correct
London Heathrow
100%
Paris Charles De Gaulle
88%
Amsterdam Schiphol
63%
Stockholm Arlanda
50%
Liverpool John Lennon
50%
Rome Leonardo da Vinci Fiumicino
50%
Helsinki Vantaa
50%
Berlin Brandenburg
38%
Krakòw John Paul II
38%
Oslo Gardermoen
31%
Madrid Adolfo Suarez Madrid-Barajas
25%
Brussels Zaventem
19%
Frankfurt Am Main
13%
Athens Eleftherios Venizelos
6%
Cagliari Elmas
6%
No matching quizzes found
Score Distribution
Percent of People with Each Score
Percentile by Number Answered
Your Score History
You have not taken this quiz